000 01426nam a2200361 i 4500
003 DO-SdBNP
005 20260211064458.0
007 ta
008 250613b2013 dr ||||| |||| 00| 0 spa d
020 _a9789945165692
040 _aDO-SdBNP
_bspa
_cBNPHU
_erda
041 _aspa
082 4 _a363.45
_bR789re
_222
100 1 _aRosario Adames, Fausto,
_eautor
_4aut.
_914484
245 1 3 _aEl reinado de Vincho Castillo :
_bdroga y política en República Dominicana /
_cFausto Rosario Adames ; corrección, José Ramón Tejera
246 1 0 _aDroga y política en República Dominicana
250 _aCuarta edición
264 4 _aSanto Domingo :
_bEditora Búho,
_c©2013.
300 _a383 páginas ;
_c23 cm.
336 _atexto
_btxt
_2rdacontent
337 _asin mediación
_bn
_2rdamedia
338 _avolumen
_bnc
_2rdacarrier
500 _aIncluye referencias bibliográficas y notas al pie de las páginas.
500 _aIncluye datos biográficos del autor en la solapa de la cubierta
590 _aInventariado, 2025/BT
650 4 _aDrogadicción
_zRepública Dominicana
_917145
650 4 _aFunción pública
_xPrácticas corruptas
_zRepública Dominicana
_917146
650 4 _aCorrupcion administrativa
_zRepública Dominicana
_912359
650 4 _aCorrupción política
_zRepública Dominicana
_911838
700 1 _aTejera, José Ramón,
_ecorrector
_4corr.
_988101
910 _aBtavárez
942 _2ddc
_cLBS1
999 _c59274
_d59274